Mass unemployment : (Record no. 5189)
[ view plain ]
| 000 -LEADER | |
|---|---|
| fixed length control field | 01227pam a2200349 a 4500 |
| 001 - CONTROL NUMBER | |
| JCCL Control Number | 5189 |
| 003 - CONTROL NUMBER IDENTIFIER | |
| JCCL marc code | BD-JhCC |
| 005 - DATE AND TIME OF LATEST TRANSACTION | |
| control field | 20171210162858.0 |
| 008 - FIXED-LENGTH DATA ELEMENTS--GENERAL INFORMATION | |
| fixed length control field | 830318s1983 caua b 001 0 eng |
| 020 ## - INTERNATIONAL STANDARD BOOK NUMBER | |
| International Standard Book Number | 0803920121 |
| 020 ## - INTERNATIONAL STANDARD BOOK NUMBER | |
| International Standard Book Number | 080392013X (pbk.) |
| 035 ## - SYSTEM CONTROL NUMBER | |
| system control number | (BD-JhCC) |
| 040 ## - CATALOGING SOURCE | |
| Original cataloging agency | DLC |
| Transcribing agency | DLC |
| Modifying agency | DLC |
| 041 ## - LANGUAGE CODE | |
| Language code of Book | eng |
| 050 00 - LIBRARY OF CONGRESS CALL NUMBER | |
| Classification number | HD5708 |
| Item number | .B87 1983 |
| 082 00 - DEWEY DECIMAL CLASSIFICATION NUMBER | |
| Classification number | 331.13/73/0973 |
| DDC Edition number | 19 |
| Author mark and Year | BUS 1983 |
| 100 1# - MAIN ENTRY--PERSONAL NAME | |
| Personal name | Buss, Terry F. |
| 245 10 - TITLE STATEMENT | |
| Title | Mass unemployment : |
| Remainder of title | plant closings and community mental health / |
| Statement of responsibility, etc | by Terry F. Buss, and F. Stevens Redburn, with Joseph Waldron. |
| 260 ## - PUBLICATION, DISTRIBUTION, ETC. (IMPRINT) | |
| Place of publication, distribution, etc | Beverly Hills : |
| Name of publisher, distributor, etc | Sage Publications, |
| Date of publication, distribution, etc | c1983. |
| 300 ## - PHYSICAL DESCRIPTION | |
| Pagination | 224 p. : |
| Other physical details | ill. ; |
| Dimensions | 23 cm. |
| 440 #0 - | |
| Title | Sage studies in community mental health ; |
| Volume number/sequential designation | v. 6 |
| 500 ## - GENERAL NOTE | |
| General note | Includes index. |
| 504 ## - BIBLIOGRAPHY, ETC. NOTE | |
| Bibliography, etc | Bibliography: p. 215-222. |
| 650 #0 - SUBJECT ADDED ENTRY--TOPICAL TERM | |
| Topical term or geographic name as entry element | Unemployment |
| Geographic subdivision | United States |
| General subdivision | Psychological aspects. |
| 650 #0 - SUBJECT ADDED ENTRY--TOPICAL TERM | |
| Topical term or geographic name as entry element | Plant shutdowns |
| Geographic subdivision | United States |
| General subdivision | Psychological aspects. |
| 650 #0 - SUBJECT ADDED ENTRY--TOPICAL TERM | |
| Topical term or geographic name as entry element | Community mental health services |
| Geographic subdivision | United States. |
| 700 1# - ADDED ENTRY--PERSONAL NAME | |
| Personal name | Redburn, F. Stevens. |
| 700 1# - ADDED ENTRY--PERSONAL NAME | |
| Personal name | Waldron, Joseph. |
| 856 42 - ELECTRONIC LOCATION AND ACCESS | |
| Materials specified | Publisher description |
| Uniform Resource Identifier | http://www.loc.gov/catdir/enhancements/fy0660/83004450-d.html |
| 942 ## - ADDED ENTRY ELEMENTS (KOHA) | |
| Source of classification or shelving scheme | Dewey Decimal Classification |
| Koha item type | Books |
| Source of classification or shelving scheme | Damaged status | Not for loan | Home library | Current library | Shelving location | Date of accession | Total Checkouts | Full call number | Barcode | Date last seen | Copy number | Koha item type |
|---|---|---|---|---|---|---|---|---|---|---|---|---|
| Dewey Decimal Classification | JCC Rouf Library | JCC Rouf Library | General Stacks | 12/10/17 | 331.13/73/0973 BUS 1983 | 7071 | 12/10/2017 | C-1 | Books |